000 00592nam a22002177a 4500
003 UA-OsUOA
001 96753
007 ta
008 20130321b un ||||| |||| 00| 0 ukr d
090 _a821.135.2
_bМ75
942 _cBK
040 _aUA-OsUOA
_bukr
_cUA-OsUOA
_dUA-OsUOA
245 _aМолдавське радянське оповідання
_bзбірник
300 _a223 с.
955 _a3
041 _aukr
080 _a821.135.2
260 _aК.
_bДніпро
_c1980
650 7 _a82 Література. Літературознавство
_2UDC
999 _c383003
_d383003